[Event "St Petersburg-ch Seniors Blitz"]
[Site "St Petersburg"]
[Date "2022.10.05"]
[Round "7"]
[White "Aliev, Eldar G"]
[Black "Shalygin, Andreij"]
[Result "0-1"]
[WhiteElo "1921"]
[BlackElo "2136"]
[PlyCount "92"]
[EventDate "2022.10.05"]
[EventType "swiss"]
[EventRounds "11"]
[EventCountry "RUS"]
[SourceTitle "CBM 210 Extra"]
[Source "ChessBase"]
[SourceDate "2022.11.30"]
[SourceVersion "1"]
[SourceVersionDate "2022.11.30"]
[SourceQuality "1"]

1. Nc3 d5 2. e4 dxe4 3. Nxe4 e6 4. Nf3 Nf6 5. Ng3 c5 6. Be2 Nc6 7. b3 b6 8. Bb2 Bb7 9. 0-0 Be7 10. Re1 0-0 11. Bf1 Qc7 12. d3 Rad8 13. a4 Nb4 14. Nd2 Nfd5 15. Nc4 Bf6 16. Bxf6 Nxf6 17. Qe2 Rd5 18. Ne4 Nxe4 19. dxe4 Rd7 20. Rad1 Rfd8 21. f3 Ba6 22. c3 Nd3 23. Rxd3 Rxd3 24. Qxd3 Rxd3 25. Bxd3 Bxc4 26. Bxc4 Qd6 27. Kf1 Qd2 28. h4 h6 29. h5 Kf8 30. e5 Ke7 31. g4 Qxc3 32. Kf2 Qd4+ 33. Re3 Qf4 34. Ke2 g6 35. Re4 Qh2+ 36. Ke3 gxh5 37. gxh5 Qxh5 38. Kf2 Qg5 39. Bb5 h5 40. f4 Qh4+ 41. Ke2 Qh2+ 42. Kd3 Qg3+ 43. Ke2 h4 44. Bc6 Qg2+ 45. Ke3 h3 46. b4 h2 0-1

[Event "St Petersburg-ch Seniors Blitz"]
[Site "St Petersburg"]
[Date "2022.10.05"]
[Round "1"]
[White "Mishuchkov, Nikolai Mikhailovic"]
[Black "Aliev, Eldar G"]
[Result "1-0"]
[WhiteElo "2194"]
[BlackElo "1921"]
[PlyCount "75"]
[EventDate "2022.10.05"]
[EventType "swiss"]
[EventRounds "11"]
[EventCountry "RUS"]
[SourceTitle "CBM 210 Extra"]
[Source "ChessBase"]
[SourceDate "2022.11.30"]
[SourceVersion "1"]
[SourceVersionDate "2022.11.30"]
[SourceQuality "1"]

1. Nf3 g6 2. d4 Bg7 3. e4 d6 4. Be2 Nc6 5. d5 Nb8 6. 0-0 Nf6 7. Nc3 0-0 8. h3 c6 9. Bg5 Nbd7 10. Re1 a5 11. Nd4 Qc7 12. Qd2 Re8 13. Bf1 Nc5 14. a4 Bd7 15. Rad1 Rac8 16. b3 Red8 17. Kh1 Be8 18. f4 e5 19. fxe5 dxe5 20. Nf3 cxd5 21. Nxd5 Rxd5 22. exd5 Nce4 23. Qc1 Nf2+ 24. Kh2 Nxd1 25. Qxd1 e4+ 26. d6 Qxc2 27. Qxc2 Rxc2 28. Bxf6 Bxf6 29. Rxe4 Bc6 30. Rf4 Kg7 31. Bb5 Be5 32. Nxe5 Rxg2+ 33. Kh1 Rf2+ 34. Nxc6 Rxf4 35. d7 bxc6 36. d8Q cxb5 37. axb5 Rf6 38. Qd4 1-0

[Event "St Petersburg-ch Seniors Blitz"]
[Site "St Petersburg"]
[Date "2022.10.05"]
[Round "10"]
[White "Zhikharev, Valeriy"]
[Black "Aliev, Eldar G"]
[Result "0-1"]
[WhiteElo "2036"]
[BlackElo "1921"]
[PlyCount "49"]
[EventDate "2022.10.05"]
[EventType "swiss"]
[EventRounds "11"]
[EventCountry "RUS"]
[SourceTitle "CBM 210 Extra"]
[Source "ChessBase"]
[SourceDate "2022.11.30"]
[SourceVersion "1"]
[SourceVersionDate "2022.11.30"]
[SourceQuality "1"]

1. d4 g6 2. e4 Bg7 3. Nc3 d6 4. Be2 Nc6 5. Be3 e5 6. dxe5 Nxe5 7. h3 Nf6 8. f4 Nc6 9. Nf3 0-0 10. 0-0 Re8 11. Bd3 d5 12. e5 d4 13. exf6 Bxf6 14. Nxd4 Rxe3 15. Nxc6 bxc6 16. Qd2 Qd4 17. Kh1 Re7 18. Rae1 Be6 19. Re4 Qd7 20. Rfe1 Rae8 21. Na4 Bd5 22. R4e3 Bd4 23. Bf5 Bxe3 24. Bxd7 Bxd2 25. Nc3 0-1